Egypte /

محفوظ في:

المؤلف الرئيسي: Conrad, Philippe (مؤلف)

التنسيق: كتاب

اللغة: French

منشور في: Paris : Presses universitaires de France, c2007.

سلاسل: Culture guides.

الموضوعات:

الوسوم: إضافة وسم

لا توجد وسوم, كن أول من يضع وسما على هذه التسجيلة!

رقم الطلب: DT45 .C64 2007

LEADER 00717nam a2200229Ia 4500
003 OSt
005 20260318071500.0
008 211223s2007 fr ab b 001 0 fre d
020 |a 9782130554363 
040 4 |c ARCE Library 
050 4 |a DT45 .C64 2007 
100 1 |a Conrad, Philippe,   |e author 
245 1 0 |a Egypte /   |c Philippe Conrad ; [préface de Jean Leclant]. 
264 1 |a Paris :   |b Presses universitaires de France,   |c c2007. 
300 |a ix, 397 p. :   |b ill., maps ;   |c 20 cm. 
490 0 |a Culture guides. 
504 |a Includes bibliographical references (p. 379-[381]) and indexes. 
651 0 |a Egypt   |v Guideboooks. 
651 0 |a Egypt   |x Civilization. 
901 |a reviewed 
942 |2 lcc  |c BK 
999 |c 41334  |d 41334